000 00333nam a2200145Ia 4500
005 20251222140056.0
008 251222s1900||||xx |||||||||||||| ||spa||
020 _a8430113332
082 _a179.1/F57
100 _aFlecha Andrés-Román
245 0 _aLa Fuente de la Vida:
250 _a3a.ed.
264 _bSígueme
942 _cLIB
999 _c3753
_d3753